| 000 | 00565nam a22001697a 4500 | ||
|---|---|---|---|
| 003 | macl | ||
| 005 | 20160203115149.0 | ||
| 008 | 160203b xxu||||| |||| 00| 0 eng d | ||
| 040 | _cmacl | ||
| 041 | _aHindi | ||
| 082 | _a954/TIW | ||
| 100 |
_aतिवारी विजय _935246 |
||
| 245 | _aअघ्याय एवं व्याख्यात्मक IAS & PCS संयुक्त | ||
| 260 |
_aमेरठ़ _bअरिहन्त पब्लिकेशन्स |
||
| 650 |
_aIndian History _9227 |
||
| 942 |
_2ddc _cBK |
||
| 999 |
_c52995 _d52995 |
||